00301nam a2200121Ia 4500008004100000082001400041100001500055245002300070260003400093365000600127630002300133730002300156100415s9999 xx 000 0 und d b1142a590 aJones T.R aThe Animal Kingdom aLONDONc1861bJohn Vas Voorst b0 aThe Animal Kingdom aThe Animal Kingdom